|
|
|
|
| LEADER |
00000cam a2200000 a 4500 |
| 001 |
vtls001496665 |
| 003 |
SK-MaSNL |
| 005 |
20260425235105.0 |
| 008 |
240314s2004 xo f ap 000 0dslo |
| 015 |
|
|
|a SNBA2005/06-02315
|
| 020 |
|
|
|a 8089185061
|q (brož.)
|
| 040 |
|
|
|a SNK
|b slo
|c SNK
|e AACR2
|
| 041 |
0 |
|
|a slo
|b slo
|b eng
|
| 043 |
|
|
|a e-xo---
|
| 044 |
|
|
|a xo
|c SK
|
| 072 |
|
7 |
|a 364--1/-7
|x Druhy sociálnej pomoci a služieb
|2 konspekt
|
| 080 |
|
|
|a 314.151.3-054.73
|2 MDT-MRF
|
| 080 |
|
|
|a (437.6)
|2 MDT-MRF
|
| 080 |
|
|
|a 314.151.3-054.72
|2 MDT-MRF
|
| 080 |
|
|
|a 364-787
|2 MDT-MRF
|
| 080 |
|
|
|a (075.8)
|2 MDT-MRF
|
| 080 |
|
|
|a 174
|2 MDT-MRF
|
| 080 |
|
|
|a 364-78
|2 MDT-MRF
|
| 100 |
1 |
|
|a Maslen, Jozef
|4 aut
|9 530897
|
| 245 |
1 |
0 |
|a Sociálna práca s utečencami
|c Jozef Maslen, Peter Brnula
|
| 250 |
|
|
|a 1. vyd.
|
| 260 |
|
|
|a Bratislava
|b Sociálna práca
|c 2004
|
| 300 |
|
|
|a 107 s.
|c 21 cm
|
| 490 |
1 |
|
|a Sociálna práca - sociálna politika
|
| 504 |
|
|
|a Bibliogr. s. 102-105
|
| 506 |
|
|
|a 400 výtl.
|
| 546 |
|
|
|a Res. slov., angl.
|
| 650 |
0 |
7 |
|a sociálna práca
|2 SNKPH
|9 1550
|
| 650 |
0 |
7 |
|a sociálna pomoc
|2 SNKPH
|9 3736
|
| 650 |
0 |
7 |
|a utečenci
|2 SNKPH
|9 993
|
| 650 |
0 |
7 |
|a imigranti
|2 SNKPH
|9 994
|
| 650 |
0 |
7 |
|a profesijná etika
|2 SNKPH
|9 15135
|
| 650 |
0 |
7 |
|a ľudské práva
|2 SNKPH
|9 798
|
| 650 |
0 |
7 |
|a medzinárodná migrácia
|2 SNKPH
|9 3786
|
| 651 |
|
7 |
|a Slovensko
|2 SNKPH
|9 14231
|
| 655 |
|
7 |
|a učebnice vysokých škôl
|2 SNKPH
|9 70191
|
| 700 |
1 |
|
|a Brnula, Peter,
|d 1979-
|4 aut
|9 235816
|
| 830 |
|
0 |
|a Sociálna práca - sociálna politika
|9 476729
|
| 919 |
|
|
|a 80-89185-06-1
|
| 958 |
|
|
|a OND
|
| 968 |
|
|
|d 36
|
| 999 |
|
|
|c 819236
|d 821166
|
| 952 |
|
|
|a SNK
|b SNK
|y PREZ
|7 0
|p 17A0458261
|o snkSC 119024
|i snk2005/2578
|8 0
|0 0
|1 0
|4 0
|d 2005-02-22
|l 0
|r 2025-05-28 00:00:00
|w 2026-02-24
|
| 952 |
|
|
|a SNK
|b SNK
|y VYP
|7 0
|p 17A0458260
|o snkSC 119024 D1
|i snk2005/2579
|8 0
|0 0
|1 0
|4 0
|d 2005-02-22
|l 0
|r 2026-02-24 03:01:48
|w 2026-02-24
|